000 01025cam a22003257a 4500
003 CHAP
005 20220817041440.0
008 971013s1973 r 00010 d
010 _a14773
011 _a15745
035 _a19822
040 _cCHAP
082 _a635.92
_bG7 1973
100 0 0 _aGraf, Alfred Byrd.
_950192
245 0 _aExotica
_b: pictorial cyclopedia of exotic plants from tropical and near-tropic regions
250 _a6 ed.
260 _aRutherford, N.J. :
_bRoehrs,
_c1973
300 _a1833 p.
_b: ilus
490 0 _aRoehrs. Serie
_v; 3
590 _aBATCH-UPD
_b10
_c20130110
_lUCH01
_h1842
590 _aBATCH-UPD
_b10
_c20130410
_lUCH01
_h1212
590 _aBATCH-UPD
_b10
_c20130914
_lUCH01
_h0728
590 _aCONVERSION
_b10
_c20130109
_lUCH01
_h1309
650 1 4 _aBotánica
_xTrópicos.
_914626
650 1 4 _aPlantas ornamentales.
830 0 _aRoehrs. Serie
_v; 3
_999033
901 _aBK
942 _cLIBRO
949 _a635.92 G7 1973
_bBC
_cC
_d33724000828083
_eC
_h65119
_i19822
_mD.B. Franklin
_sb
999 _c14773
_d14773